Soñando Valparaíso

Spremljeno u:
Bibliografski detalji
Glavni autori: Pizarro Contador, Crisóstomo (autor), Serrano, Pedro (Autor)
Autori kompanije: Foro de Altos Estudios Sociales Valparaíso (Autor), Consejo de Rectores de Valparaíso (Autor)
Format: Knjiga
Jezik:španjolski
Izdano: Valparaíso Ediciones Universitarias de Valparaíso 2015
Izdanje:1a. ed
Serija:Cuadernos del Foro Valparaíso, 16
Teme:
Oznake: Dodaj oznaku
Bez oznaka, Budi prvi tko označuje ovaj zapis!

MARC

LEADER 00000cam a2200000 a 4500
001 UCD1860
003 CL-VaPUC
008 160331e20151000cl |||||||||||||||||spa|d
082 0 4 |a 711.4  |b PIZ  |2 21 
100 |a Pizarro Contador, Crisóstomo  |e autor  |9 605677 
651 0 |a Valparaíso, Chile  |9 261144 
700 0 |a Serrano, Pedro  |e author  |9 585013 
110 2 |a Foro de Altos Estudios Sociales Valparaíso  |e author  |9 585014 
710 2 |a Consejo de Rectores de Valparaíso  |e author  |9 585015 
245 1 0 |a Soñando Valparaíso 
250 |a 1a. ed 
300 |a 99 p 
942 |c BK 
945 |d 20160331 23:10:00  |a arojas 
260 |a Valparaíso  |b Ediciones Universitarias de Valparaíso  |c 2015 
650 0 |a Urbanismo  |9 255208 
650 0 |a Planificación urbana   |9 258176 
650 0 |a Ciudades  |9 265474 
583 |a last modification  |c 20180403 04:44:33  |k Rodrigo Vera 
490 0 |a Cuadernos del Foro Valparaíso, 16 
999 |c 363076  |d 363074 
952 |0 0  |1 0  |3 erb  |4 0  |6 711_400000000000000_PIZ_2015  |7 0  |8 R  |9 474816  |a BIBARQ  |b BIBARQ  |i 5269229  |o 711.4 PIZ 2015  |p 5269229  |r 2025-01-20  |w 2019-11-24  |y BK_R  |z Catalogado en:20160331  |k ARQ 
952 |0 0  |1 0  |3 erb  |4 0  |6 711_400000000000000_PIZ_2015  |7 0  |8 R  |9 474817  |a BIBARQ  |b BIBARQ  |i 5269237  |o 711.4 PIZ 2015  |p 5269237  |r 2025-01-20  |w 2019-11-24  |y BK_R  |z Catalogado en:20160331  |k ARQ 
952 |0 0  |1 0  |3 erb  |4 0  |6 711_400000000000000_PIZ_2015  |7 0  |8 A  |9 474818  |a BIBCUR  |b BIBCUR  |i 528516K  |o 711.4 PIZ 2015  |p 528516K  |r 2025-04-22  |w 2019-11-24  |y BK  |z Catalogado en:20160505  |k QUI 
952 |0 0  |1 0  |3 erb  |4 0  |6 711_400000000000000_PIZ_2015  |7 0  |8 A  |9 474819  |a BIBGIM  |b BIBGIM  |i 5292158  |o 711.4 PIZ 2015  |p 5292158  |r 2025-01-15  |w 2019-11-24  |y BK  |z Catalogado en:20160609  |k GIM 
952 |0 0  |1 0  |2 ddc  |3 erb  |4 0  |6 711_400000000000000_PIZ_2015  |7 0  |8 A  |9 474820  |a BIBALI  |b BIBALI  |c GEN  |i 5293987  |o 711.4 PIZ 2015  |p 5293987  |r 2025-01-20  |w 2019-11-24  |y BK  |z Catalogado en:20160623  |k ALI 
952 |0 0  |1 0  |3 erb  |4 0  |6 711_400000000000000_PIZ_2015  |7 0  |8 A  |9 474821  |a BIBEDU  |b BIBEDU  |i 5404355  |o 711.4 PIZ 2015  |p 5404355  |r 2019-11-24  |w 2019-11-24  |y BK  |z Catalogado en:20170709  |k PSI 
952 |0 0  |1 0  |3 erb  |4 0  |6 711_400000000000000_PIZ_2015  |7 0  |8 A  |9 474822  |a BIBHIS  |b BIBHIS  |i 5488621  |o 711.4 PIZ 2015  |p 5488621  |r 2025-01-20  |w 2019-11-24  |y BK  |z Catalogado en:20180817  |k HIS 
952 |0 0  |1 0  |3 erb  |4 0  |6 711_400000000000000_PIZ_2015  |7 0  |8 X  |9 474823  |a FDOBUD  |b FDOBUD  |i 5505054  |o 711.4 PIZ 2015  |p 5505054  |r 2019-11-24  |w 2019-11-24  |y BK_X  |z Catalogado en:20181026  |k FHP